Dante's Inferno : (Record no. 350582)
[ view plain ]
| 000 -LEADER | |
|---|---|
| fixed length control field | 00919cam a2200277 a 4500 |
| 001 - CONTROL NUMBER | |
| control field | 953727 |
| 003 - CONTROL NUMBER IDENTIFIER | |
| control field | OSt |
| 005 - DATE AND TIME OF LATEST TRANSACTION | |
| control field | 20180116183021.0 |
| 008 - FIXED-LENGTH DATA ELEMENTS--GENERAL INFORMATION | |
| fixed length control field | 850416s1985 nyua 000 0 eng |
| 010 ## - LIBRARY OF CONGRESS CONTROL NUMBER | |
| LC control number | 84052865 |
| 020 ## - INTERNATIONAL STANDARD BOOK NUMBER | |
| International Standard Book Number | 0500013624 |
| 040 ## - CATALOGING SOURCE | |
| Original cataloging agency | DLC |
| Transcribing agency | DLC |
| Modifying agency | DLC |
| -- | OCoLC |
| 041 0# - LANGUAGE CODE | |
| Language code of text/sound track or separate title | engita |
| 050 00 - LIBRARY OF CONGRESS CALL NUMBER | |
| Classification number | PQ4315.2 |
| Item number | .P45 1985 |
| 082 ## - DEWEY DECIMAL CLASSIFICATION NUMBER | |
| Classification number | 813.54 MAN 1986 |
| 100 0# - MAIN ENTRY--PERSONAL NAME | |
| Personal name | Dante Alighieri, |
| Dates associated with a name | 1265-1321. |
| 240 10 - UNIFORM TITLE | |
| Uniform title | Inferno. |
| Language of a work | English |
| 245 10 - TITLE STATEMENT | |
| Title | Dante's Inferno : |
| Remainder of title | the first part of the Divine comedy of Dante Alighieri / |
| Statement of responsibility, etc. | translated and illustrated by Tom Phillips. |
| 260 ## - PUBLICATION, DISTRIBUTION, ETC. | |
| Place of publication, distribution, etc. | New York, N.Y. : |
| Name of publisher, distributor, etc. | Thames and Hudson, |
| Date of publication, distribution, etc. | 1985. |
| 300 ## - PHYSICAL DESCRIPTION | |
| Extent | 311 p. : |
| Other physical details | ill. (some col.) ; |
| Dimensions | 30 cm. |
| 500 ## - GENERAL NOTE | |
| General note | "Iconographical notes and commentary on the illustrations": p. 281-310. |
| 700 1# - ADDED ENTRY--PERSONAL NAME | |
| Personal name | Phillips, Tom, |
| Dates associated with a name | 1937- |
| 740 0# - ADDED ENTRY--UNCONTROLLED RELATED/ANALYTICAL TITLE | |
| Uncontrolled related/analytical title | Inferno. |
| 906 ## - LOCAL DATA ELEMENT F, LDF (RLIN) | |
| a | 7 |
| b | cbc |
| c | orignew |
| d | 2 |
| e | ocip |
| f | 19 |
| g | y-gencatlg |
| 942 ## - ADDED ENTRY ELEMENTS (KOHA) | |
| Source of classification or shelving scheme | |
| Koha item type | Book |
| Withdrawn status | Lost status | Source of classification or shelving scheme | Damaged status | Not for loan | Permanent Location | Current Location | Shelving location | Date acquired | Total Checkouts | Full call number | Barcode | Checked out | Date last seen | Date last checked out | Price effective from | Koha item type |
|---|---|---|---|---|---|---|---|---|---|---|---|---|---|---|---|---|
| Central Library (CL) | Central Library (CL) | General Stacks | 11/19/2015 | 2 | 813.54 MAN 1986 | NBSD-2168 | 03/28/2026 | 02/26/2026 | 02/26/2026 | 11/19/2015 | Book |
